000 00451nam a2200169Ia 4500
003 LK-CoDNM
008 010623t2008 xxu||||| |||| 00| 1 sin d
040 _aLK-CoDNM
_dLK-CoDNM
_eLK-CoDNM
041 _asin
080 _aX8-3 '12/13' WIJ
100 _aWijayarathna,D.V.F
245 _aඅමාවතුර විමර්ෂණය
246 _aAmawathura Wimarshanaya
260 _bGodage
_aColombo
_c2008
300 _b596, 21 cm
942 _cBK
999 _c127506
_d127506